Great leaders of the Christian church / (Record no. 4727)

MARC details
000 -LEADER
fixed length control field 00669pam a2200241 a 4500
001 - CONTROL NUMBER
control field 17327533
003 - CONTROL NUMBER IDENTIFIER
control field OCoLC
005 - DATE AND TIME OF LATEST TRANSACTION
control field 20181212203724.0
008 - FIXED-LENGTH DATA ELEMENTS--GENERAL INFORMATION
fixed length control field 871223s1988 ilua b 001 0ceng
010 ## - LIBRARY OF CONGRESS CONTROL NUMBER
LC control number 87034974
020 ## - INTERNATIONAL STANDARD BOOK NUMBER
International Standard Book Number 0802490514
040 ## - CATALOGING SOURCE
Original cataloging agency DLC
Transcribing agency DLC
082 ## - DEWEY DECIMAL CLASSIFICATION NUMBER
Classification number 270
Item number W882G
092 ## - LOCALLY ASSIGNED DEWEY CALL NUMBER (OCLC)
Classification number 270.092
Item number W882G
245 00 - TITLE STATEMENT
Title Great leaders of the Christian church /
Statement of responsibility, etc. John D. Woodbridge, general editor
260 ## - PUBLICATION, DISTRIBUTION, ETC.
Place of publication, distribution, etc. Chicago :
Name of publisher, distributor, etc. Moody Press,
Date of publication, distribution, etc. c1988
300 ## - PHYSICAL DESCRIPTION
Extent 384 p. :
Other physical details col. ill. ;
Dimensions 24 cm
500 ## - GENERAL NOTE
General note Includes index
504 ## - BIBLIOGRAPHY, ETC. NOTE
Bibliography, etc. note Bibliography: p. 372-379
650 #0 - SUBJECT ADDED ENTRY--TOPICAL TERM
Topical term or geographic name entry element Christian biography
700 1# - ADDED ENTRY--PERSONAL NAME
Personal name Woodbridge, John D.,
Dates associated with a name 1941-
942 ## - ADDED ENTRY ELEMENTS (KOHA)
Source of classification or shelving scheme Dewey Decimal Classification
Koha item type Books
Holdings
Withdrawn status Lost status Source of classification or shelving scheme Damaged status Not for loan Collection code Home library Current library Shelving location Date acquired Cost, normal purchase price Total Checkouts Full call number Barcode Date last seen Price effective from Koha item type
    Dewey Decimal Classification     Non-fiction Harvest Mission College Harvest Mission College General Stacks 12.12.2018 1000.00   270 W882G 005329 12.12.2018 12.12.2018 Books

OPAC Designed and Maintained by HMC Library Team.
Copyright © HMC Library,Greater Noida, UP.
For any Suggestions/Query Contact library via Email:libhmc@gmail.com